000 00773nam a22001817a 4500
999 _c371691
_d371691
008 201127b ||||| |||| 00| 0 eng d
040 _aDE-2950
_bger
_cDE-2950
_erda
041 _ager
245 _aZahl der Einwohner in Frankfurt geht erneut um fast 300 zurück.
_bDemografie: Der Bevölkerungsrückgang setzt sich fort, der Altersdurchschnitt steigt. Das geht aus aktuellen Zahlen hervor. Aber es gibt auch gute Nachrichten/
_cThomas Gutke
264 _c2022
653 _aFrankfurt (Oder)
653 _aBevölkerungszahl
773 _dFrankfurt (Oder) Märkisches Verlags- und Druckhaus GmbH & Co KG
_tMärkische Oderzeitung
_g33. Jahrgang (2022) Nr. 141 vom 20.06.2022, S. 11
942 _cA